Statistiques concernant Plus grandes villes françaises sans club de football majeur

Cliquez ici pour prendre le quiz!

Statistiques générales

  • Ce quiz a été pris 906 fois
    (251 depuis la dernière actualisation)
  • Le résultat moyen est 6 sur 13

Statistiques - réponses

PopulationVille% Correct
179 659Toulon
69%
118 032Perpignan
52%
137 850Tours
52%
108 038Mulhouse
51%
117 026Orléans
50%
130 592Limoges
46%
104 403Nancy
46%
118 258Besançon
38%
159 106Dijon
38%
145 155Le Mans
38%
147 496Nîmes
37%
153 001Saint-Denis
33%
104 301Saint-Paul
12%

Distribution des résultats

Percentile par nombre de réponses

% des personnes avec chaque résultat

Votre développement - résultats

Vous n’avez pas pris ce quiz depuis la dernière actualisation